Camera Manufacturers in 2024 - Statistics

General Stats
  • This quiz has been taken 120 times
  • The average score is 6 of 9
Answer Stats
Example Model Answer % Correct
R5 Mark II Canon
95%
Z6iii Nikon
94%
A7RV Sony
94%
X-T50 Fujifilm
77%
X2D-100c Hasselblad
54%
M11-D Leica
54%
S1H Panasonic
52%
K-3 Mark II Pentax
40%
OM-1 Mark II OM System
28%
No matching quizzes found
Score Distribution
Percent of People with Each Score
Percentile by Number Answered
Your Score History
You have not taken this quiz